Boundaries=Freedom/ (Record no. 206101)

MARC details
000 -LEADER
fixed length control field 00614nam a22002057a 4500
005 - DATE AND TIME OF LATEST TRANSACTION
control field 20241004113438.0
010 ## - LCCN (DPL NO)
LC control number ENG-141915
020 ## - INTERNATIONAL STANDARD BOOK NUMBER
International Standard Book Number 9789355436078
Terms of availability 299.00
035 ## - SYSTEM CONTROL NUMBER
System control number EN-125447
037 ## - SOURCE OF ACQUISITION
Source of stock number/acquisition DBAD
082 ## - DEWEY DECIMAL CLASSIFICATION NUMBER
Classification number 158.1
Edition number 1
100 ## - MAIN ENTRY--PERSONAL NAME
Personal name Nguyen, Joseph
245 ## - TITLE STATEMENT
Title Boundaries=Freedom/
Statement of responsibility, etc By Joseph Nguyen
250 ## - EDITION STATEMENT
Edition statement 1
260 ## - PUBLICATION, DISTRIBUTION, ETC. (IMPRINT)
Place of publication, distribution, etc Uttar Pradesh
Name of publisher, distributor, etc Amaryllis
Date of publication, distribution, etc 2024
270 ## - ADDRESS
Address C-16, Sector-3, Noida
City Uttar Pradesh
Postal code 201301
300 ## - PHYSICAL DESCRIPTION
Extent 89p.
Dimensions 18cm(hb)
500 ## - GENERAL NOTE
General note How to Create Boundaries That Set You Free Without Feeling Guilty
942 ## - ADDED ENTRY ELEMENTS (KOHA)
Source of classification or shelving scheme Dewey Decimal Classification
Item type English Books
Classification part 158.2
Call number suffix NGU
Edition 1
Holdings
Withdrawn status Lost status Not for loan Collection code Home library Current library Date acquired Source of acquisition Cost, normal purchase price Full call number Barcode Copy number Cost, replacement price Koha item type
      Non-fiction Central Library Central Library 04/10/2024 Delivery of Books Act Division 299.00 158.2 NGU EN-125447 1 299.00 English Books

© Delhi Public Library
Hit Counter
free hit counter